Základy lékařské fyziky : určeno pro posl. lék. fak. 2. [díl] /

Uložené v:
Podrobná bibliografia
Hlavný autor: Hrazdira, Ivo, 1930- (Author)
Médium: Kniha
Jazyk:Czech
Vydané: Praha : Státní pedagogické nakladatelství, 1967.
Vydanie:1. [dotisk] 1. vyd.
Edícia:Učební texty vys. škol
ISBN: (brož.)
Fyzický popis: 170 s. : obr., tab.
Tagy: Pridať tag
Žiadne tagy, Buďte prvý kto otaguje tento záznam!

MARC

LEADER 00000nam a22000001 4500
001 000238521
005 20101012191240.0
008 970811s1967 xr f 000 0 cze d
020 |a (brož.)  |c Kčs 8,00 
040 |a SVKKK  |b slo  |c SVKKK  |e AACR2 
041 0 |a cze 
044 |a xr  |c CZ 
100 1 |a Hrazdira, Ivo,  |d 1930-  |4 aut 
245 1 0 |a Základy lékařské fyziky :  |b určeno pro posl. lék. fak.  |n 2. [díl] /  |c Ivo Hrazdira. 
250 |a 1. [dotisk] 1. vyd. 
260 |a Praha :  |b Státní pedagogické nakladatelství,  |c 1967. 
300 |a 170 s. :  |b obr., tab. 
366 |e 800 výtl. 
490 1 |a Učební texty vys. škol 
500 |a Vyd. Univerzita J. E. Purkyně v Brně 
500 |a Prehľad lit. 
500 |a Vecný register 
910 |a svkkk 
998 |a BK 
090 |g SCKHL  |k Sklad Pribinova 3. posch.  |a V.64184  |j 387749  |i 2720136016  |s Absenčne